000 00761nam a22002537a 4500
001 35698
003 UA-OsUOA
005 20220511144706.0
007 ta
008 20051212b un ||||| |||| 00| 0 ukr d
020 _a9667158543
040 _aUA-OsUOA
_bukr
_cUA-OsUOA
_dUA-OsUOA
041 _aukr
080 _a821.161.2
090 _a821.161.2
_bК78
100 _aКравчук В.
245 _aДні непокори
_bхудожньо-документальний роман
260 _aХмельницький
_bПоділля
_c1999
300 _a238 с.
650 7 _a82 Література. Літературознавство
_2UDC
942 _cBK
_2udc
955 _a3
999 _c322059
_d322059